000 02339nam a2200397 a 4500
001 29011
003 BD-RjUL
005 20211209051347.0
008 140402s1949 enkabei b 000 0 eng d
035 _a(BD-RjUL)29096
040 _aDLC
_cOCl
_dOCl
_dTU
_dBD-RjUL
_beng
041 _aeng
082 _a942.6
_bVIC V-5 1949
245 0 4 _aThe Victoria history of the county of Warwick /
_nVOLUME FIVE.
_pKINGTON HUNDRED /
_cedited by L.F. Salzman
246 3 _aHistory of Warwickshire.
246 3 _aHistory of the county of Warwick
260 _aLondon :
_bArchibald Constable ;
_bPublished for the University of London Institute of Historical Research by the Oxford University Press,
_c1949.
300 _axiii 224 p. :
_bill. ;
_c32 cm.
490 1 _aVictoria history of the counties of England
500 _a"A history of Warwickshire in four volumes edited by H. Arthur Doubleday and William Page"--v.1 prelim.
505 0 _aV. 1. Natural history, early man, Romano-British & Anglo-Saxon remains, Domesday survey, ancient earthworks -- v. 2. Ecclesiastical history, religious houses, social & economic history, industries, schools, sport, political history / edited by William Page -- v. 3. Barlichway hundred, Borough of Stratford-upon-Avon / edited by Philip Styles -- v. 4. Hemlingford hundred / edited by L.F. Salzman -- v. 5. Kington hundred / edited by L.F. Salzman -- v. 6. Knightlow hundred / edited by L.F. Salzman -- v. 7. City of Birmingham / edited by W.B. Stephens -- v. 8. City of Coventry, borough of Warwick / edited by W.B. Stephens -- Index to vols. 1-6 / edited by R.B. Pugh.
650 0 _aNatural history
_zEngland
_zWarwickshire.
_988553
651 0 _aWarwickshire (England)
_xHistory.
_988554
651 0 _aWarwickshire (England)
_xAntiquities.
_988555
700 1 _aDoubleday, H. Arthur
_q(Herbert Arthur),
_d1867-1941.
_988556
700 1 _aPage, William,
_d1861-1934.
_988557
700 1 _aStyles, Philip.
_988558
700 1 _aSalzman, L. F.
_q(Louis Francis),
_d1878-1971
_977816
700 1 _aStephens, W. B.
_988559
700 1 _aPugh, R. B.
_q(Ralph Bernard),
_d1910-1982
_973280
710 2 _aUniversity of London.
_bInstitute of Historical Research.
_94277
830 0 _aVictoria history of the counties of England.
_988617
942 _2ddc
_cBK
999 _c29011
_d29011